<?xml version="1.0" encoding="UTF-8"?>
<record
    xmlns:xsi="http://www.w3.org/2001/XMLSchema-instance"
    xsi:schemaLocation="http://www.loc.gov/MARC21/slim http://www.loc.gov/standards/marcxml/schema/MARC21slim.xsd"
    xmlns="http://www.loc.gov/MARC21/slim">

  <leader>02380nam a2200337 a 4500</leader>
  <controlfield tag="001">78113</controlfield>
  <controlfield tag="003">BD-RjUL</controlfield>
  <controlfield tag="005">20221018112548.0</controlfield>
  <controlfield tag="008">011022m19451975ii            000 0 ara d</controlfield>
  <datafield tag="025" ind1=" " ind2=" ">
    <subfield code="a">PL480:I-Ar-35</subfield>
  </datafield>
  <datafield tag="035" ind1=" " ind2=" ">
    <subfield code="a">(BD-RjUL)78339</subfield>
  </datafield>
  <datafield tag="040" ind1=" " ind2=" ">
    <subfield code="a">DLC</subfield>
    <subfield code="c">WAU</subfield>
    <subfield code="d">WAU</subfield>
    <subfield code="d">NNC</subfield>
    <subfield code="d">CStRLIN</subfield>
    <subfield code="d">CtY</subfield>
    <subfield code="d">StEdU</subfield>
    <subfield code="d">UkOxU</subfield>
    <subfield code="b">eng</subfield>
  </datafield>
  <datafield tag="041" ind1=" " ind2=" ">
    <subfield code="a">ara</subfield>
  </datafield>
  <datafield tag="066" ind1=" " ind2=" ">
    <subfield code="c">(3</subfield>
  </datafield>
  <datafield tag="082" ind1=" " ind2=" ">
    <subfield code="2">23</subfield>
    <subfield code="a">297.125</subfield>
    <subfield code="b">SHK 1954</subfield>
  </datafield>
  <datafield tag="100" ind1="1" ind2=" ">
    <subfield code="a">&#x627;&#x644;&#x645;&#x62A;&#x642;&#x64A; &#x60C; &#x639;&#x644;&#x627;&#x621; &#x627;&#x644;&#x62F;&#x64A;&#x646; &#x639;&#x644;&#x64A; &#x628;&#x646; &#x62D;&#x633;&#x627;&#x645; &#x627;&#x644;&#x62F;&#x64A;&#x646; &#x628;&#x646; &#x639;&#x628;&#x62F; &#x627;&#x644;&#x645;&#x644;&#x643; &#x627;&#x644;&#x647;&#x646;&#x62F;&#x64A; &#x60C;.;;Al-Mutqi, Ala al-Din Ali bin Husam al-Din bin Abdul Malik al-Hindi,</subfield>
    <subfield code="d"> 885 - 975 &#x647;&#x640;</subfield>
    <subfield code="9">246405</subfield>
  </datafield>
  <datafield tag="245" ind1="1" ind2="0">
    <subfield code="a">&#x643;&#x646;&#x632; &#x627;&#x644;&#x639;&#x645;&#x627;&#x644; &#x641;&#x64A; &#x633;&#x646;&#x646; &#x627;&#x644;&#x623;&#x642;&#x648;&#x627;&#x644; &#x648;&#x627;&#x644;&#x623;&#x641;&#x639;&#x627;&#x644;  ;; Kanz al-&#x2BF;umm&#x101;l f&#x12B; sunan al-aqw&#x101;l wa-al-af&#x2BF;&#x101;l /</subfield>
    <subfield code="c">Aladdin Ali bin Hussam al- Din al shahr ;; &#x639;&#x644;&#x627;&#x621; &#x627;&#x644;&#x62F;&#x64A;&#x646; &#x639;&#x644;&#x64A; &#x628;&#x646; &#x62D;&#x633;&#x627;&#x645; &#x627;&#x644;&#x62F;&#x64A;&#x646; &#x627;&#x644;&#x634;&#x647;&#x631;</subfield>
  </datafield>
  <datafield tag="246" ind1="1" ind2="4">
    <subfield code="a">Kanzu&#x2BC;l-&#x2BF;umm&#x101;l</subfield>
  </datafield>
  <datafield tag="250" ind1=" " ind2=" ">
    <subfield code="a">al-&#x1E6C;ab&#x2BF;ah 2.</subfield>
  </datafield>
  <datafield tag="260" ind1=" " ind2=" ">
    <subfield code="a">Hind :</subfield>
    <subfield code="b">Ma&#x1E6D;ba&#x2BF;at Majlis D&#x101;&#x2BC;irat al-Ma&#x2BF;&#x101;rif al-&#x2BF;Uthm&#x101;n&#x12B;yah,</subfield>
    <subfield code="c">1945-1975.</subfield>
  </datafield>
  <datafield tag="300" ind1=" " ind2=" ">
    <subfield code="a"> v. ;</subfield>
    <subfield code="c">24 cm.</subfield>
  </datafield>
  <datafield tag="500" ind1=" " ind2=" ">
    <subfield code="a">Vol. 1 is 1st edition.</subfield>
  </datafield>
  <datafield tag="505" ind1=" " ind2=" ">
    <subfield code="a">Vol.5.--&#x645;&#x646; &#x627;&#x648;&#x644; &#x643;&#x62A;&#x627;&#x628; &#x627;&#x644;&#x62D;&#x62C; &#x648;&#x627;&#x644;&#x639;&#x645;&#x631;&#x647; &#x645;&#x646; &#x62D;&#x631;&#x641; &#x627;&#x644;&#x62D;&#x627;&#x621; &#x645;&#x646; &#x642;&#x633;&#x645; &#x627;&#x644;&#x627;&#x642;&#x648;&#x627;&#x644; ----&#x642;&#x633;&#x645; &#x627;&#x644;&#x627;&#x641;&#x639;&#x627;&#x644;</subfield>
  </datafield>
  <datafield tag="505" ind1=" " ind2=" ">
    <subfield code="a">Vol.1-&#x635;&#x62D;&#x62D; &#x639;&#x646; &#x627;&#x644;&#x646;&#x633;&#x62E; &#x627;&#x644;&#x642;&#x62F;&#x64A;&#x645;&#x629;-v.2.--v. 3.&#x645;&#x646; &#x627;&#x648;&#x644; &#x627;&#x644;&#x643;&#x62A;&#x627;&#x628; &#x627;&#x644;&#x62B;&#x627;&#x644;&#x62B; &#x645;&#x646; &#x62D;&#x631;&#x648;&#x641; &#x627;&#x644;&#x647;&#x645;&#x632;&#x629; &#x641;&#x64A; &#x627;&#x644;&#x627;&#x62E;&#x644;&#x627;&#x642; &#x645;&#x646; &#x642;&#x633;&#x645; &#x627;&#x644;&#x627;&#x642;&#x648;&#x627;&#x644;  &#x627;&#x644;&#x64A; &#x627;&#x62E;&#x631; &#x643;&#x62A;&#x627;&#x628; &#x627;&#x644;&#x627;&#x64A;&#x644;&#x627;&#x621; &#x645;&#x646; &#x642;&#x633;&#x645; &#x627;&#x644;&#x627;&#x641;&#x648;&#x627;&#x644;--v.4.&#x645;&#x646; &#x627;&#x648;&#x644; &#x627;&#x644;&#x643;&#x62A;&#x627;&#x628; &#x627;&#x644;&#x628;&#x64A;&#x648;&#x639; &#x645;&#x646; &#x62D;&#x631;&#x648;&#x641; &#x627;&#x644;&#x628;&#x627;&#x621; &#x645;&#x646; &#x627;&#x644;&#x627;&#x62E;&#x644;&#x627;&#x642; &#x645;&#x646; &#x642;&#x633;&#x645; &#x627;&#x644;&#x627;&#x642;&#x648;&#x627;&#x644;  &#x627;&#x644;&#x64A; &#x627;&#x62E;&#x631; &#x643;&#x62A;&#x627;&#x628; &#x627;&#x644;&#x62C;&#x639;&#x627;&#x644;&#x629; &#x645;&#x646; &#x642;&#x633;&#x645; &#x627;&#x644;&#x627;&#x641;&#x648;&#x627;&#x644;--v.5.--v.6.--v.7.an authentic compendium of the corpus of hadith literature--v.8.an authentic compendium of the corpus of hadith literature--v.9.--v.10.--</subfield>
  </datafield>
  <datafield tag="505" ind1=" " ind2=" ">
    <subfield code="a">v.6.&#x645;&#x646; &#x627;&#x648;&#x644; &#x643;&#x62A;&#x627;&#x628; &#x627;&#x644;&#x627;&#x645;&#x627;&#x631;&#x629; &#x648;&#x627;&#x644;&#x642;&#x636;&#x627;&#x621; &#x645;&#x646; &#x642;&#x633;&#x645; &#x627;&#x644;&#x627;&#x642;&#x648;&#x627;&#x644; &#x627;&#x644;&#x64A; &#x627;&#x62E;&#x631; &#x643;&#x62A;&#x627;&#x628; &#x627;&#x644;&#x633;&#x62D;&#x631; &#x648;&#x627;&#x644;&#x639;&#x64A;&#x646; &#x648;&#x627;&#x644;&#x643;&#x647;&#x627;&#x646;&#x629; &#x645;&#x646; &#x642;&#x633;&#x645; &#x627;&#x644;&#x627;&#x641;&#x639;&#x627;&#x644;.--</subfield>
    <subfield code="t">v.9. &#x643;&#x62A;&#x627;&#x628; &#x627;&#x644;&#x63A;&#x636;&#x628; &#x645;&#x646; &#x642;&#x633;&#x645; &#x627;&#x644;&#x627;&#x641;&#x639;&#x627;&#x644; &#x635;&#x62D;&#x64A;&#x62D; &#x648;&#x639;&#x648;&#x631;&#x636; &#x645;&#x637;&#x628;&#x648;&#x639; &#x62F;&#x627;&#x626;&#x631;&#x647; &#x627;&#x644;&#x645;&#x639;&#x627;&#x631;&#x641; &#x648;&#x628;&#x627;&#x644;&#x646;&#x633;&#x62E;&#x62A;&#x64A;&#x646;---&#x64A;&#x62C;&#x62F;&#x631; &#x627;&#x628;&#x627;&#x62F; &#x627;&#x644;&#x62F;&#x643;&#x646;.--</subfield>
  </datafield>
  <datafield tag="505" ind1=" " ind2=" ">
    <subfield code="a">V.10.&#x645;&#x646; &#x627;&#x648;&#x644; &#x643;&#x62A;&#x627;&#x628; &#x627;&#x644;&#x637;&#x628;---&#x643;&#x62A;&#x627;&#x628; &#x627;&#x644;&#x63A;&#x635;&#x628; --</subfield>
  </datafield>
  <datafield tag="650" ind1=" " ind2="0">
    <subfield code="a">Hadith</subfield>
    <subfield code="v">Texts</subfield>
    <subfield code="v">Early works to 1800.</subfield>
    <subfield code="9">246406</subfield>
  </datafield>
  <datafield tag="942" ind1=" " ind2=" ">
    <subfield code="2">ddc</subfield>
    <subfield code="c">BK</subfield>
  </datafield>
  <datafield tag="999" ind1=" " ind2=" ">
    <subfield code="c">78113</subfield>
    <subfield code="d">78113</subfield>
  </datafield>
  <datafield tag="952" ind1=" " ind2=" ">
    <subfield code="0">0</subfield>
    <subfield code="1">0</subfield>
    <subfield code="2">ddc</subfield>
    <subfield code="4">0</subfield>
    <subfield code="7">1</subfield>
    <subfield code="8">NFIC</subfield>
    <subfield code="a">RUCL</subfield>
    <subfield code="b">RUCL</subfield>
    <subfield code="c">Reading</subfield>
    <subfield code="d">1957-05-02</subfield>
    <subfield code="e">maktaba-e- Ishaqia </subfield>
    <subfield code="g">190.00</subfield>
    <subfield code="l">0</subfield>
    <subfield code="o">A 297.125 SHK V-5 1954</subfield>
    <subfield code="r">2021-03-22 00:00:00</subfield>
    <subfield code="t">C-1</subfield>
    <subfield code="w">2021-03-22</subfield>
    <subfield code="y">BK</subfield>
  </datafield>
  <datafield tag="952" ind1=" " ind2=" ">
    <subfield code="0">0</subfield>
    <subfield code="1">0</subfield>
    <subfield code="2">ddc</subfield>
    <subfield code="4">0</subfield>
    <subfield code="7">1</subfield>
    <subfield code="8">NFIC</subfield>
    <subfield code="a">RUCL</subfield>
    <subfield code="b">RUCL</subfield>
    <subfield code="c">Reading</subfield>
    <subfield code="d">1967-05-02</subfield>
    <subfield code="e">maktaba-e- Ishaqia</subfield>
    <subfield code="l">0</subfield>
    <subfield code="o">A 297.125 SHK V-10 1962</subfield>
    <subfield code="r">2021-03-22 00:00:00</subfield>
    <subfield code="t">C-1</subfield>
    <subfield code="w">2021-03-22</subfield>
    <subfield code="y">BK</subfield>
  </datafield>
  <datafield tag="952" ind1=" " ind2=" ">
    <subfield code="0">0</subfield>
    <subfield code="1">0</subfield>
    <subfield code="2">ddc</subfield>
    <subfield code="4">0</subfield>
    <subfield code="7">1</subfield>
    <subfield code="8">NFIC</subfield>
    <subfield code="a">RUCL</subfield>
    <subfield code="b">RUCL</subfield>
    <subfield code="c">Reading</subfield>
    <subfield code="d">1967-05-02</subfield>
    <subfield code="e">Maktabat- e- Ishaqia, Dhaka</subfield>
    <subfield code="g">190.00</subfield>
    <subfield code="l">0</subfield>
    <subfield code="o">A 297.125 SHK V-6 1957</subfield>
    <subfield code="r">2021-03-28 00:00:00</subfield>
    <subfield code="t">C-1</subfield>
    <subfield code="w">2021-03-28</subfield>
    <subfield code="y">BK</subfield>
  </datafield>
  <datafield tag="952" ind1=" " ind2=" ">
    <subfield code="0">0</subfield>
    <subfield code="1">0</subfield>
    <subfield code="2">ddc</subfield>
    <subfield code="4">0</subfield>
    <subfield code="7">1</subfield>
    <subfield code="8">NFIC</subfield>
    <subfield code="a">RUCL</subfield>
    <subfield code="b">RUCL</subfield>
    <subfield code="c">Reading</subfield>
    <subfield code="d">1967-05-02</subfield>
    <subfield code="e">Maktabat- e- Ishaqia, Dhaka</subfield>
    <subfield code="g">190.00</subfield>
    <subfield code="l">0</subfield>
    <subfield code="o">A 297.125 SHK V-9 1962</subfield>
    <subfield code="r">2021-03-28 00:00:00</subfield>
    <subfield code="t">C-1</subfield>
    <subfield code="w">2021-12-09</subfield>
    <subfield code="y">BK</subfield>
  </datafield>
  <datafield tag="952" ind1=" " ind2=" ">
    <subfield code="0">0</subfield>
    <subfield code="1">0</subfield>
    <subfield code="2">ddc</subfield>
    <subfield code="4">0</subfield>
    <subfield code="7">1</subfield>
    <subfield code="8">NFIC</subfield>
    <subfield code="a">RUCL</subfield>
    <subfield code="b">RUCL</subfield>
    <subfield code="c">Reading</subfield>
    <subfield code="d">1967-05-02</subfield>
    <subfield code="e">Maktubat i Ishaqia,</subfield>
    <subfield code="o">A 297.125 SHK V-1 1945</subfield>
    <subfield code="r">2022-10-18 00:00:00</subfield>
    <subfield code="t">C-1</subfield>
    <subfield code="y">BK</subfield>
  </datafield>
  <datafield tag="952" ind1=" " ind2=" ">
    <subfield code="0">0</subfield>
    <subfield code="1">0</subfield>
    <subfield code="2">ddc</subfield>
    <subfield code="4">0</subfield>
    <subfield code="7">1</subfield>
    <subfield code="8">NFIC</subfield>
    <subfield code="a">RUCL</subfield>
    <subfield code="b">RUCL</subfield>
    <subfield code="c">Reading</subfield>
    <subfield code="d">1967-05-02</subfield>
    <subfield code="e">Maktubat i Ishaqia,</subfield>
    <subfield code="o">A 297.125 SHK V-2 1950</subfield>
    <subfield code="r">2022-10-18 00:00:00</subfield>
    <subfield code="t">C-1</subfield>
    <subfield code="y">BK</subfield>
  </datafield>
  <datafield tag="952" ind1=" " ind2=" ">
    <subfield code="0">0</subfield>
    <subfield code="1">0</subfield>
    <subfield code="2">ddc</subfield>
    <subfield code="4">0</subfield>
    <subfield code="7">1</subfield>
    <subfield code="8">NFIC</subfield>
    <subfield code="a">RUCL</subfield>
    <subfield code="b">RUCL</subfield>
    <subfield code="c">Reading</subfield>
    <subfield code="d">1967-05-02</subfield>
    <subfield code="e">Maktubat i Ishaqia,</subfield>
    <subfield code="o">A 297.125 SHK V-3 1951</subfield>
    <subfield code="r">2022-10-18 00:00:00</subfield>
    <subfield code="t">C-1</subfield>
    <subfield code="y">BK</subfield>
  </datafield>
  <datafield tag="952" ind1=" " ind2=" ">
    <subfield code="0">0</subfield>
    <subfield code="1">0</subfield>
    <subfield code="2">ddc</subfield>
    <subfield code="4">0</subfield>
    <subfield code="7">1</subfield>
    <subfield code="8">NFIC</subfield>
    <subfield code="a">RUCL</subfield>
    <subfield code="b">RUCL</subfield>
    <subfield code="c">Reading</subfield>
    <subfield code="d">1967-05-02</subfield>
    <subfield code="e">Maktubat i Ishaqia,</subfield>
    <subfield code="o">A 297.125 SHK V-4 1953</subfield>
    <subfield code="r">2022-10-18 00:00:00</subfield>
    <subfield code="t">C-1</subfield>
    <subfield code="y">BK</subfield>
  </datafield>
  <datafield tag="952" ind1=" " ind2=" ">
    <subfield code="0">0</subfield>
    <subfield code="1">0</subfield>
    <subfield code="2">ddc</subfield>
    <subfield code="4">0</subfield>
    <subfield code="7">1</subfield>
    <subfield code="8">NFIC</subfield>
    <subfield code="a">RUCL</subfield>
    <subfield code="b">RUCL</subfield>
    <subfield code="c">Reading</subfield>
    <subfield code="d">1967-05-02</subfield>
    <subfield code="e">Maktubat i Ishaqia,</subfield>
    <subfield code="o">A 297.125 SHK V-7 1959</subfield>
    <subfield code="r">2022-10-18 00:00:00</subfield>
    <subfield code="t">C-1</subfield>
    <subfield code="y">BK</subfield>
  </datafield>
  <datafield tag="952" ind1=" " ind2=" ">
    <subfield code="0">0</subfield>
    <subfield code="1">0</subfield>
    <subfield code="2">ddc</subfield>
    <subfield code="4">0</subfield>
    <subfield code="7">1</subfield>
    <subfield code="8">NFIC</subfield>
    <subfield code="a">RUCL</subfield>
    <subfield code="b">RUCL</subfield>
    <subfield code="c">Reading</subfield>
    <subfield code="d">1967-05-02</subfield>
    <subfield code="e">Maktubat i Ishaqia,</subfield>
    <subfield code="o">A 297.125 SHK V-8 1960</subfield>
    <subfield code="r">2022-10-18 00:00:00</subfield>
    <subfield code="t">C-1</subfield>
    <subfield code="y">BK</subfield>
  </datafield>
</record>
